00970cam a22002531 4500001001300000003000400013005001700017008004100034010001700075035001900092040004100111042001200152050001600164100005200180245012600232260011000358300001800468490007800486500001700564650003100581650001100612830007600623999001700699sd 63000013 DLC20260227112736.0771007s1963 dcu f000 0 eng c asd 63000013  a(OCoLC)3323827 aU. S. Dept. of StatecMHdOCoLCdDLC apremarc00aD844b.K4931 aKennedy, John F.q(John Fitzgerald),d1917-196310aNew opportunities in the search for peace;b[address made before the United Nations General Assembly, September 20, 1963. aWashington]bDept. of State; [for sale by the Superintendent of Documents, U.S. Govt. Print. Off.,c1963] a20 p.c19 cm.1 aDepartment of State publication 7595. General foreign policy series,v189 aCover title. 0aWorld politicsy1955-1965. 0aPeace. 0aDepartment of State publication.pGeneral foreign policy series ;v189. c90093d90093